Statistics for EVERY NFL SUPER BOWL MVP SINCE 2000

Click here to take the quiz!

General Stats

  • This quiz has been taken 57 times
  • The average score is 18 of 24

Answer Stats

HintAnswer% Correct
2021 Tampa Bay BuccaneersTom Brady
100%
2002 New England PatriotsTom Brady
100%
2017 New England PatriotsTom Brady
100%
2004 New England PatriotsTom Brady
100%
2015 New England PatriotsTom Brady
100%
2023 Kansas City ChiefsPatrick Mahomes
96%
2020 Kansas City ChiefsPatrick Mahomes
96%
2022 Los Angeles RamsCooper Kupp
92%
2010 New Orleans SaintsDrew Brees
92%
2008 New York GiantsEli Manning
90%
2012 New York GiantsEli Manning
90%
2007 Indianapolis ColtsPeyton Manning
90%
2018 Philadelphia EaglesNick Foles
82%
2013 Baltimore RavensJoe Flacco
78%
2000 St. Louis RamsKurt Warner
75%
2019 New England PatriotsJulian Edelman
73%
2016 Denver Broncos (DEF)Von Miller
71%
2001 Baltimore Ravens (DEF)Ray Lewis
65%
2011 New Orleans SaintsAaron Rodgers
47%
2006 Pittsburgh SteelersHines Ward
47%
2009 Pittsburgh SteelersSantonio Holmes
45%
2014 Seattle Seahawks (DEF)Malcolm Smith
41%
2005 New England PatriotsDeion Branch
25%
2003Tampa Bay Buccaneers (DEF)Dexter Jackson
22%

Score Distribution

Percentile by Number Answered

Percent of People with Each Score

Your Score History

You have not taken this quiz